000 00807pam a2200241 a 4500
003 OSt
005 20260128160843.0
008 260128b |||||||| |||| 00| 0 eng d
020 _a063114756X (pbk.) :
040 _aKABLIB
_cKABLIB
_beng.
_erda
082 0 0 _a415
_223
_bLAN
100 1 _aLangendoen, D. Terence.
_914813
245 1 4 _aThe vastness of natural languages /
_cD. Terence Langendoen and Paul M. Postal.
260 _aOxford, UK ;
_aNew York, NY, USA :
_bB. Blackwell,
_cc1985, c1984.
300 _aix, 189 p. ;
_c23 cm.
336 _atext
_btxt
_2rdacontent
500 _aIncludes index.
504 _aBibliography: p. [177]-184.
650 0 _aGrammar, Comparative and general.
650 0 _aMathematical linguistics.
_914814
700 1 _aPostal, Paul Martin,
_d1936-
_914815
942 _2ddc
_cBOOK
999 _c5875
_d5875